Real Madrid CF Legends - Statistics

General Stats
  • This quiz has been taken 3,300 times
  • The average score is 15 of 24
Answer Stats
Picture Answer % Correct
Gareth Bale
99%
Karim Benzema
99%
Cristiano Ronaldo
98%
Luka Modrić
96%
Zinedine Zidane
96%
Sergio Ramos
94%
Toni Kroos
94%
Marcelo
93%
Iker Casillas
92%
Roberto Carlos
89%
Raúl
85%
Alfredo Di Stéfano
82%
Ferenc Puskás
81%
Fernando Hierro
64%
Hugo Sánchez
50%
Emilio Butragueño
45%
Fernando Morientes
33%
Paco Gento
30%
Fernando Redondo
16%
Raymond Kopa
16%
Santillana
10%
Míchel
8%
Ricardo Zamora
8%
José Antonio Camacho
7%
No matching quizzes found
Score Distribution
Percent of People with Each Score
Percentile by Number Answered
Your Score History
You have not taken this quiz